ბათუმის შოთა რუსთაველის სახელმწიფო უნივერსიტეტის ბიბლიოთეკა

საქართველოს უზენაესი სასამართლოს გადაწყვეტილებანი : სამოქალაქო საქმეებზე : (ბიბ.ჩანაწერი № 59570)

000 -LEADER
fixed length control field 00788nam a22001577a 4500
005 - DATE AND TIME OF LATEST TRANSACTION
control field 20230317112713.0
008 - FIXED-LENGTH DATA ELEMENTS--GENERAL INFORMATION
fixed length control field 230317c2018 ge ||||| |||| 00| 0 geo d
022 ## - INTERNATIONAL STANDARD SERIAL NUMBER
International Standard Serial Number 15120481
041 ## - LANGUAGE CODE
Language code of text/sound track or separate title geo
245 ## - TITLE STATEMENT
Title საქართველოს უზენაესი სასამართლოს გადაწყვეტილებანი : სამოქალაქო საქმეებზე :
Remainder of title [ყოველთვიური]. სამოქალაქო საქმეებზე. ვალდებულებითი სამართალი.
260 ## - PUBLICATION, DISTRIBUTION, ETC.
Place of publication, distribution, etc. თბილისი,
Date of publication, distribution, etc. 2018.
300 ## - PHYSICAL DESCRIPTION
Extent v.
653 ## - INDEX TERM--UNCONTROLLED
Uncontrolled term ვალდებულებითი სამართალი
653 ## - INDEX TERM--UNCONTROLLED
Uncontrolled term პერიოდიკა
942 ## - ADDED ENTRY ELEMENTS (KOHA)
Source of classification or shelving scheme
Koha item type პერიოდიკა
ეგზემპლარები
Withdrawn status Lost status Source of classification or shelving scheme Damaged status Not for loan Permanent Location Current Location Shelving location Date acquired Serial Enumeration / chronology Barcode Date last seen Copy number Price effective from Koha item type
          ბათუმის შოთა რუსთაველის სახელმწიფო უნივერსიტეტის მთავარი ბიბლიოთეკა ბათუმის შოთა რუსთაველის სახელმწიფო უნივერსიტეტის მთავარი ბიბლიოთეკა წიგნსაცავი 2023-03-17 # 10 (2018) 80979 p 2023-03-17 80979 2023-03-17 პერიოდიკა